000 01130nam a2200217 a 4500
001 000026448
005 20200930030229.0
008 110318s1968 ck a r 000 0 spa d
040 _aDO-SdBNP
_bspa
_cBNPHU
041 1 7 _aspa
_hspa
_2Código de idioma MARC
082 _axxx
_bH232n
100 1 _aHamrin, Gerald W.
_953503
240 1 0 _a4 square planning for your career.
_lEspañol.
245 1 0 _aNuevos mundos :
_bnuevos rumbos /
_cGerald W Hamrin ; traducción Gonzalo Arboleda Palacio.
260 _aCali, (Colombia) :
_bNorma,
_c1968.
300 _a158 p. :
_bil. ;
_c21 cm.
505 0 _aHacia madurez vocacional -- No crea en la magia -- Como planear su escogencia -- Necesidades humanas comunes -- Explorando su cultura -- Los intereses como indicadores -- Intereses reales e imaginarios -- La exploración de las habilidades -- El factor de la personalidad -- Un mundo de ocupaciones -- Nuevos mundos...Nuevos rumbos -- Pensándolo bien -- Una vida plena -- En marcha
534 _aTítulo del original en inglés:
_t4 square planning for your career,
700 1 _aArboleda Palacio, Gonzalo
_etr.
_953504
049 _aBNGR
999 _c25940
_d25940